Diccionario Alemán - Español (Record no. 111472)

MARC details
000 -LEADER
campo de control de longitud fija 00608nam a2200181 4500
001 - NÚMERO DE CONTROL
campo de control 111472
003 - IDENTIFICADOR DE NÚMERO DE CONTROL
campo de control ES-MaACL
005 - FECHA Y HORA DE LA ÚLTIMA TRANSACCIÓN
campo de control 20230906185316.0
007 - CAMPO FIJO DE DESCRIPCIÓN FÍSICA--INFORMACIÓN GENERAL
campo de control de longitud fija t|
008 - DATOS DE LONGITUD FIJA--INFORMACIÓN GENERAL
campo de control de longitud fija 061121s1930 sp r ||||1| spa d
100 1# - ENTRADA PRINCIPAL--NOMBRE DE PERSONA
Nombre de persona Nake, José W.
9 (RLIN) 84879
245 10 - MENCIÓN DEL TÍTULO
Título Diccionario Alemán - Español
Resto del título : Terminología de Ciencias Médicas, Químicas etc. /
Mención de responsabilidad, etc. José W. Nake ; revisado por el Dr. Garrido y el Dr. Quintana.
260 ## - PUBLICACIÓN, DISTRIBUCIÓN, ETC.
Lugar de publicación, distribución, etc. Madrid :
Nombre del editor, distribuidor, etc. [s.n.],
Fecha de publicación, distribución, etc. 1930 (
Fabricante Blas S. A.)
300 ## - DESCRIPCIÓN FÍSICA
Extensión 451 p. ;
Dimensiones 16 cm.
700 1# - ENTRADA AGREGADA--NOMBRE PERSONAL
Nombre de persona Garrido, Dr.
9 (RLIN) 55669
700 1# - ENTRADA AGREGADA--NOMBRE PERSONAL
Nombre de persona Quintana, Dr.
9 (RLIN) 94656
852 ## - LOCALIZACIÓN
Ubicación ES-MaACL
Número de control de estantería A-5142
Sublocalización o colección R.18078
Holdings
Estatus retirado Estado de pérdida Estado de daño No para préstamo Colección Biblioteca de origen Biblioteca actual Ubicación en estantería Fecha de adquisición Fuente de adquisición Total de préstamos Signatura topográfica completa Código de barras Visto por última vez Precio de reemplazo Tipo de ítem Koha
        Colección de referencia Biblioteca del Ateneo de Madrid Biblioteca del Ateneo de Madrid Sala Pecera Planta 1 17/01/2008     A-5142 1116292 23/02/2023 23/02/2023 Libro impreso